| Registos Bibliográficos associados ao registo de autoridade |
|
Etiqueta de registo: 00000nam 2200025 450 001 2288484 003 http://id.bnportugal.gov.pt/bib/catbnp/2288484 100 ## $a20260622d2024 k y0pory01030103ba 101 0# $aspa$dpor$deng 102 ## $aPT 105 ## $aa m 000yy 106 ## $ar 200 1# $aEstudios culturales y arte popular$e el análisis de los Alebrijes, ábol de la vida, Catrina y Talavera como expresión
de la cultura y sociedade mexicana$fLuz María Jardón Iniestra$gorient. Luis Jorge Rodrigues Gonçalves 210 #9 $aLisboa$c[s.n.],$d2024 215 ## $a264 p.$cil.$d30 cm 328 #1 $aTese dout. Belas-Artes (Ciências da Arte e do Património), Faculdade de Belas-Artes,
Universidade de Lisboa, 2024 700 #1 $aJardón Iniestra,$bLuz María$32001256 702 #1 $aGonçalves,$bLuís Jorge,$f1962-$4727$3226044 801 #0 $aPT$bBN$gRPC 966 ## $lBN$mFGMON$x1 971 ## $corlando$d20260622
|
|
|